000 00770nam a2200229Ia 4500
003 OSt
005 20220923213309.0
006 a|||||r|||| 00| 0
007 ta
008 220922b |||||||| |||| 00| 0 hin d
024 _a160,537
037 _cTextual
040 _aARTS
_cARTS
_bhin
041 _2hin
_ahin
082 _aO152:1F70:11:9, J5
100 _aश्रीवास्तव, ब्रजविलास
245 0 _aपृथ्वीराज रासो में कथानक रूढ़ियां
246 _aPṛuthvīrāj rāso mean kathānak rūढ़iyāan
260 _c1955
942 _hO152:1F70:11:9, J5
_cTEXL
_2CC
999 _c315284
_d315284